000 00766nam a2200193 a 4500
003 0
005 20250619145049.0
008 021128s19uu xx 00 eng d
050 _aPHS BF 724.3.P4
_b.V35 2000
100 _aValmonte, Candace M.
245 _aA Survey on the forms of peer pressure high school students of Southville International School experience /
_cCandace M. Valmonte.
260 _aLas PiƱas City, Philippines :
_bSouthville International School and Colleges,
_c2000.
300 _a26 pages :
_billustrations ;
_c28 cm.
504 _aIncludes bibliographical references.
650 _aPeer pressure in adolescence
_zPhilippines.
650 _aTeenagers
_zPhilippines
_xAttitudes.
650 _aSocial influence
_zPhilippines.
942 _2lcc
_cPASS
999 _c96399
_d96399